Handbook of cathodic corrosion protection : theory and practice of electrochemical protection processes /
This comprehensive handbook covers all aspects of cathodic protection in terms of both practice and theory.
| Uniform Title: | Handbuch des kathodischen Korrosionsschutzes. |
|---|---|
| Other Authors: | , , |
| Format: | eBook |
| Language: | English |
| Published: |
Houston, Tex. :
Gulf Pub. Co.,
[1997]
|
| Edition: | 3rd ed. |
| Subjects: | |
| Online Access: | Connect to the full text of this electronic book Table of contents Publisher description |
MARC
| Tag | First Indicator | Second Indicator | Subfields |
|---|---|---|---|
| LEADER | 00000cam a2200000Ia 4500 | ||
| 001 | in00002426558 | ||
| 005 | 20190327171516.0 | ||
| 006 | m d | ||
| 007 | cr cn||||||||| | ||
| 008 | 070802s1997 txuab sbf 001 0 eng d | ||
| 020 | |a 9780884150565 | ||
| 020 | |a 0884150569 | ||
| 035 | |a (OCoLC)ocn162129819 | ||
| 035 | |a (OCoLC)162129819 | ||
| 037 | |a 95951:95950 |b Elsevier Science & Technology |n http://www.sciencedirect.com | ||
| 040 | |a OPELS |c OPELS |d UtOrBLW | ||
| 041 | 0 | |a eng | |
| 049 | |a TEFA | ||
| 050 | 1 | 4 | |a TA462 |b .H3813 1997eb |
| 082 | 0 | 4 | |a 620.1/623 |2 22 |
| 130 | 0 | |a Handbuch des kathodischen Korrosionsschutzes. |l English. | |
| 245 | 1 | 0 | |a Handbook of cathodic corrosion protection : |b theory and practice of electrochemical protection processes / |c W. von Baeckmann, W. Schwenk, and W. Prinz, editors ; with contributions from: W. von Baeckmann [and others]. |
| 246 | 3 | 0 | |a Cathodic corrosion protection |
| 250 | |a 3rd ed. | ||
| 264 | 1 | |a Houston, Tex. : |b Gulf Pub. Co., |c [1997] | |
| 264 | 4 | |c ©1997 | |
| 300 | |a xxxii, 567 pages : |b illustrations, map ; |c 27 cm. | ||
| 336 | |a text |b txt |2 rdacontent | ||
| 337 | |a computer |b c |2 rdamedia | ||
| 338 | |a online resource |b cr |2 rdacarrier | ||
| 533 | |a Electronic reproduction. |b Amsterdam : |c Elsevier Science & Technology, |d 2007. |n Mode of access: World Wide Web. |n System requirements: Web browser. |n Title from title screen (viewed on July 25, 2007). |n Access may be restricted to users at subscribing institutions. | ||
| 520 | |a This comprehensive handbook covers all aspects of cathodic protection in terms of both practice and theory. | ||
| 505 | 0 | |a Historic development of corrosion protection. Fundamentals and concepts of corrosion and electrochemical corrosion protection. Fundamentals and practice of electrical measurements. Corrosion in water and soil. Corrosion protection by coatings and cladding. Sacrificial anodes. Impressed current anodes. Impressed current installations and protective current instruments. Impressed current installations in the ground and influential factors. Pipelines. Storage containers and storage tanks. Local cathodic protection. Telephone cable. Power cables. Influence of stray current and stray current protection. Marine buildings and offshore pipelines. Cathodic protection of ships. Cathodic protection of borehole piping. Cathodic protection of reinforcing steel in concrete structures. Internal cathodic protection of water tanks. Electrochemical corrosion protection for internal surfaces of apparatus, containers, and pipes. Safety and economy. Effect on long conducting pipelines of high voltage installations. Current and voltage distribution in a stationary electric field. | |
| 500 | |a Translation of : Handbuch des kathodischen Korrosionsschutzes, 3rd edition 1989. | ||
| 500 | |a Revised edition of: Handbook of cathodic protection / [by] W. v. Baeckmann. 1975. | ||
| 504 | |a Includes bibliographical references and index. | ||
| 500 | |a Electronic resource. | ||
| 650 | 0 | |a Cathodic protection |x Handbooks, manuals, etc. | |
| 650 | 1 | 7 | |a Corrosie. |2 gtt |
| 650 | 1 | 7 | |a Kathodische bescherming. |2 gtt |
| 655 | 7 | |a Electronic books. |2 local | |
| 700 | 1 | |a Baeckmann, W. von |q (Walter) | |
| 700 | 1 | |a Schwenk, W. |q (Wilhelm) | |
| 700 | 1 | |a Prinz, W. | |
| 700 | 1 | |a Baeckmann, W. von |q (Walter). |t Handbuch des kathodischen Korrosionsschutzes. |l English. | |
| 730 | 0 | |a Referex. | |
| 776 | 1 | |c Original |z 0884150569 |z 9780884150565 |w (DLC) 97000963 |w (OCoLC)36186688 | |
| 856 | 4 | 0 | |u http://proxy.library.tamu.edu/login?url=http://www.sciencedirect.com/science/book/9780884150565 |z Connect to the full text of this electronic book |t 0 |
| 856 | 4 | 2 | |3 Table of contents |u http://www.loc.gov/catdir/toc/els051/97000963.html |3 Referex |t 0 |
| 856 | 4 | 2 | |3 Publisher description |u http://www.loc.gov/catdir/description/els032/97000963.html |3 Referex |t 0 |
| 994 | |a C0 |b TEF | ||
| 999 | |a MARS | ||
| 999 | f | f | |s 96c66dba-969b-3334-98b3-aec4d5358390 |i 7ac003fd-2f8e-33bb-9de8-e701926e09dd |t 0 |
| 952 | f | f | |a Texas A&M University |b College Station |c Electronic Resources |d Available Online |t 0 |e TA462 .H3813 1997eb |h Library of Congress classification |
| 998 | f | f | |a TA462 .H3813 1997eb |t 0 |l Available Online |